| 000 | 00998nac a22003257a 4500 | ||
|---|---|---|---|
| 001 | BR0403593 | ||
| 003 | BR-BrBNA | ||
| 005 | 20240105123028.0 | ||
| 008 | 230509b bl.|||m| |||| 00| 0 por d | ||
| 040 |
_aBR-BrBNA _bpor _cBiblioteca Nacional de Agricultura |
||
| 072 | _aF01 | ||
| 090 | _a1000 BR0403593 | ||
| 100 | 1 | _aPassos, O.S. | |
| 100 | 1 | _aRezende, L.A.N. | |
| 110 | 1 | _aEMBRAPA Mandioca ae Fruticultura, Cruz das Almas, Ba (Brasil) | |
| 245 | 1 | _aCitricultura no Estado da Bahia - diagnóstico sobre a produção de mudas | |
| 260 | 3 |
_aCruz das Almas, BA (Brasil): _c2003. |
|
| 300 | _a8 p. | ||
| 490 |
_aCircular Técnica - EMBRAPA Mandioca e Fruticultura (Brazil) _vno. 55 _xISSN 1516-5612 |
||
| 500 | _a23 illus.; 12 tables | ||
| 650 | _aFRUTA CÍTRICA | ||
| 650 | _aSEMENTE | ||
| 650 | _aMUDA | ||
| 650 | _aCLIMA | ||
| 650 | _aSOLO | ||
| 650 | _aCOMERCIALIZAÇÃO | ||
| 650 | _aMERCADO | ||
| 909 |
_a202312 _bLúcia Elande _c55 _dLúcia Elande |
||
| 942 |
_2AGRIS _n0 _cMS |
||
| 999 |
_c293700 _d293700 |
||